| 000 | 01643nam0a2200409 4500 | ||
|---|---|---|---|
| 001 | RU\NLR\bibl\252893 | ||
| 005 | 20250620123501.0 | ||
| 010 |
_a5-7510-0231-8 _bВ пер. _91000 |
||
| 021 |
_aRU _b2001-49019 _92365 |
||
| 035 | _a(NLR Aleph) 000248685 | ||
| 090 |
_a1450695 _c1450695 |
||
| 100 | _a20020204d2001 |||y0rusy50 ca | ||
| 101 | 0 | _arus | |
| 102 |
_aRU _aUA |
||
| 105 | _aa ||||||||| | ||
| 200 | 1 |
_aМартиролог русской военно-морской эмиграции _eПо изд. 1920-2000 гг. _f[Сост. И. М. Алабин] _gРед. В. В. Лобыцын |
|
| 210 |
_aМ. _cПашков дом _aФеодосия _cКоктебель _d2001 |
||
| 215 |
_a191 с. _cил. _d22 |
||
| 320 | _aБиблиогр.: с. 178-188 | ||
| 606 | 0 |
_aВоенно-морской флот _xИстория _yРоссия _9893685 _3RU\NLR\auth\663441 |
|
| 606 | 0 | _aРусский военно-морской флот - История, 19-20 вв. | |
| 606 | 0 |
_aВоинские захоронения русские _yЗарубежные страны _92247056 _3RU\NLR\auth\661348027 |
|
| 606 | 0 | _aЭмигранты русские - История | |
| 606 | _aКладбища | ||
| 675 |
_a359(47+57)(092) _v3 _zrus |
||
| 686 |
_a68.54(2) _2rubbk |
||
| 686 | _aЦ66,8(2)0-1 | ||
| 686 | _aЦ7,8(2)98 | ||
| 686 | _aТ3(2)71-274я21 | ||
| 701 | 1 |
_aАлабин _bИ. М. _gИгорь Михайлович _4070 |
|
| 702 | 1 |
_aЛобыцын _bВ. В. _4340 |
|
| 801 | 0 |
_aRU _bRKP _c20020204 _gPSBO |
|
| 801 | 1 |
_aRU _bRKP _c20020204 |
|
| 801 | 2 |
_aRU _bNLR _c20020614 _grcr |
|
| 942 | _cBOOK | ||
| 980 | _aNB | ||